Random Knowledge Quiz #70 - Halloween edition - Statistics

General Stats
  • This quiz has been taken 264 times
  • The average score is 11 of 15
Answer Stats
Question Answer % Correct
What animals that are associated with witches are bad luck if one crosses your path? Black cats
99%
What Halloween monster is wrapped in bandages? A mummy
93%
Which TV and comic book ghost is known for being friendly? Casper the friendly ghost
93%
In the The Wonderful Wizard of Oz, the main villain is called the Wicked Witch of the... what? West
90%
According to their theme song, which family is said to be creepy, kooky, mysterious and spooky? The Addams Family
88%
What U.S. city is known as the “Witchcraft Capital?” Salem, Massachusetts
84%
What were Jack-o'-lanterns originally carved out of in Ireland? Turnips and other root vegetables
79%
Where is Transylvania located? Romania
74%
What do you call a group of witches? A coven
67%
What movies features witches called Winnie, Mary, and Sarah? Hocus Pocus
65%
What's another name for a lycanthrope? A werewolf
58%
Finish these lyrics: Boys and girls of every age / Wouldn't you like to see something strange? / Come with us and you will see / This, our town of... Halloween
55%
Due to her over-the-top costumes and epic parties, which super model is sometimes called the 'Queen of Halloween'? Heidi Klum
54%
Which fictional character's parents were murdered on Halloween? Harry Potter
32%
What was the most popular Halloween costume in the U.S. in 2023 according to Google? Barbie
28%
No matching quizzes found
Score Distribution
Percent of People with Each Score
Percentile by Number Answered
Your Score History
You have not taken this quiz